Responses for Show #6415 - Friday, July 6, 2012

Contestants

[<< previous game]

Susan Cohen, an arts administrator from Belmont, Massachusetts

Henry Doering, a retired public defender from Palm Springs, California

Stephanie Fontaine, an analyst from Arlington, Virginia (whose 1-day cash winnings total $12,700)

[next game >>]

Jeopardy! Round responses

STARTING WORDS
E BAY
DECONSTRUCTING THE NURSERY RHYME
THE WEBS OF WEBSITES
ICE CREAM
JIMMY'S ON TOP
    $200 1
commencement

Triple Stumper
    $200 21
Scotland

Stephanie
    $200 19
(Stephanie: Who is LIttle Boy Blue?)

Little Jack Horner

StephanieSusan
    $200 9
Google

Stephanie
    $200 4
Häagen-Dazs

Susan
    $200 14
Jimmy Fallon

Susan
    $800 2
(Stephanie: What is rush?)

initiate

Stephanie
    $400 22
(Henry: What is Jamaica?)

Tobago

StephanieHenry
    $400 20
Humpty Dumpty

Henry
    $400 10
The New York Times

Henry
    $400 5
a Good Humor Bar

Henry
    $400 15
Jimmy Connors

Susan
    $600 3
Begin

Henry
    $600 23
Florida

Stephanie
    $600 11
(Henry: What is Fandango?)

Moviefone

HenrySusan
    $600 6
(Henry: What is the Nobel Peace Prize?)

Nobel Prizes

HenrySusan
    $600 16
Jimmy Dean

Susan
    $800 28
[The end-of-round signal sounds.]

inauguration

Triple Stumper
    $800 24
(Alex: You got it, with less than a minute to go.)

San Francisco Bay

Henry
    $800 12
CBS

Susan
    $800 7
a Drumstick

Stephanie
    $800 17
Jimmy Stewart

Henry
    $1000 27
(Henry: What is, uh... uh...)
...
(Alex: I think you're overcomplicating it. Discover [*] of the Nile.)

the source

Henry
Triple Stumper
    $1000 25
Cyprus

Stephanie
    $1000 26
(Susan: Who is Jack Sprat?)

Peter, Peter, Pumpkin Eater

Susan
Triple Stumper
    $1000 13
the Daily Beast

Henry
    $1000 8
mochi

Stephanie
    $1000 18
Jimmy Cliff

Susan

Scores at the first commercial break (after clue 13):

Stephanie Henry Susan
$1,200 $1,200 $2,200

Scores at the end of the Jeopardy! Round:

Stephanie Henry Susan
$3,200 $1,800 $3,600

Double Jeopardy! Round responses

NEWS OF THE 2010s
SUB TITLES
CITY MUSEUMS
(Alex: We will give you the [*], you identify the city for us.)
COLOR TV
RHYME QUICK
(Alex: We want you to rhyme the response with "quick".)
IF IT AIN'T BAROQUE...
    $400 6
Putin

Susan
    $400 13
the U.S. Civil War

Stephanie
    $400 1
Washington, DC

Henry
    $400 18
NYPD Blue

Susan
    $400 26
(Susan: What are bricks?)
...
(Alex: Yes, singular. Has to rhyme with "quick".)

brick

StephanieSusan
    $400 11
(Alex: And the artwork is called the [*], as in [*] On The Roof.

Fiddler

Triple Stumper
    $800 7
a GPS

Henry
    $800 14
U-Boats

Stephanie
    $800 2
New York City

Stephanie
    $800 19
The Golden Girls

Susan
    $800 27
a crick

Stephanie
    $800 12
(Stephanie: Who is Picasso?)
(Susan: Who is Miro?)
...
(Alex: Dream--who is [*]?)

Salvador Dali

StephanieSusan
Triple Stumper
    $1200 8
layaway

Henry
    $1200 15
a torpedo

Susan
    $1200 3
Pittsburgh

Henry
    $1200 20
The White Shadow

Henry
    $1200 28
schtick

Susan
    $1200 23
Jackson Pollock

Susan
    $1600 9
Michele Bachmann

Henry
    $1600 16
the Lusitania

Stephanie
    $1600 4
Los Angeles

Henry
    $1600 21
Murphy Brown

Henry
    $1600 29
slick

Susan
    $2,000 24
(Alex: Less than a minute to go now.)

The Nighthawks

Susan
    $2,000 10
(Henry: Who is Kadaffi?)
...
(Alex: No, you picked the wrong country. Who is [*] in Syria?)

Bashar Assad

Henry
    $2000 17
(Alex: And that Russian sub was [*].)

the Kursk

Triple Stumper
    $2000 5
Cleveland (Ohio)

Henry
    $2000 22
Rudolph The Red-nosed Reindeer

Stephanie
    $2000 30
(Henry: Uh--sorry...)

a maverick

Henry
Triple Stumper
    $2000 25
La Grande Jatte

Stephanie

Scores at the end of the Double Jeopardy! Round:

Stephanie Henry Susan
$11,200 $9,400 $11,200

[wagering suggestions for these scores]

Final Jeopardy! Round responses

OPERA CHARACTERS
(Alex: Main character in a Puccini opera.)
...
(Alex: [Revealing Henry's response] You were going for Aida--that's Verdi--that's incorrect.)
...
(Alex: [Revealing Stephanie's response] She had those terrible riddles for her suitors.)
HenryWho is Aidi
$5,000
SusanWho was Cleopatra ?
$5,000
StephanieWho is Turandot?
$11,200
Turandot

Final scores:

Stephanie Henry Susan
$22,400 $4,400 $6,200
2-day champion: $35,100 3rd place: $1,000 2nd place: $2,000

Game dynamics:

Coryat scores:

Stephanie Henry Susan
$12,000 $11,400 $10,800
15 R,
3 W
(including 1 DD)
16 R,
6 W
(including 1 DD)
17 R
(including 1 DD),
3 W

Combined Coryat: $34,200

[game clues] [game scores] [suggest correction]

Game tape date: 2012-02-22
The J! Archive is created by fans, for fans. Scraping, republication, monetization, and malicious use prohibited; this site may use cookies and collect identifying information. See terms. The Jeopardy! game show and all elements thereof, including but not limited to copyright and trademark thereto, are the property of Jeopardy Productions, Inc. and are protected under law. This website is not affiliated with, sponsored by, or operated by Jeopardy Productions, Inc. Join the discussion at JBoard.tv.